00884nam a22002657a 45000010005000000030006000050050017000110080041000280200018000690400029000870500014001160820008001301000033001382450079001712500028002502600035002783000045003135050007003585200137003655210019005025210018005216500028005396500015005677000036005824779FISKH20241010140349.0241010b cb ||||| |||| 00| 0 eng d a9781575650937 aFISKHbengcFISKHdFISKH aPZ7.D4475 a408 adeRubertis, Barbarad(1939-) aLulu's lemonade / cby Barbara deRubertis Illustrated by Paige Billin-Frye aFirst published in 2000 aNew York :bKane Press,c2000. a32 pages :bColor illustrations ;c23 cm aL  aOn a hot summer day, three children squabble over which ingredients and what quantities should go into their extra special lemonade.8 a520L bLexile 8 aL bRaz-Plus  2MeasurementaChildren's 2MathaFood aBillin-Frye, PaigedIllustrator